000 00326nam a2200145 i 4500
001 bg
100 1 _aLENK, R. S.
245 0 _aPlastics rheology /
_cR.S. Lenk.
260 _aLondon :
_bMaclaren,
_c1968.
040 _cBPK
041 _apol
080 _a539.3/.6
942 _cKS
008 s pl f |000 0 pol
999 _c13776
_d13776
856 _uhttp://koha.tu.koszalin.pl/cgi-bin/koha/opac-detail.pl?biblionumber=13776
_yKatalog online BPK